00712nam a2200193 i 450000100060000000300090000600500170001500700030003200800410003524500510007626000710012730000200019850000560021865000370027471000440031185200240035599900170037995201220039681738ES-MaACL20250826083348.0t|041105m19311933it ||||1| fre d00aHygiene du travail b: encyclopedie d'higiene. aGeneve : b[s.n., c1931-1933] (eLyon : fNoirebercq et Fenetier) a2 v. ; c27 cm. aPrecede al tít.: Bureau International du Travail.07aHigiene industrial2embne9133531 aOficina Internacional del Trabajo96023 aES-MaACLjB-13306-7 c81738d81738 00104070aATENEOMbATENEOMcSPBd2008-01-17eSCl0oB-13306-7p1085434r2023-02-23 00:00:00w2023-02-23yMONOGRAFIA